| 000 | 00766nam a2200253Ia 4500 | ||
|---|---|---|---|
| 003 | OSt | ||
| 005 | 20221006160509.0 | ||
| 006 | a|||||r|||| 00| 0 | ||
| 007 | ta | ||
| 008 | 221006b |||||||| |||| 00| 0 eng d | ||
| 024 | _a45,325 | ||
| 037 | _cSeries Articles | ||
| 040 |
_aEASL _cEASL _beng |
||
| 041 |
_2eng _aeng |
||
| 100 |
_aEe ho Elaine Lynn _9673895 |
||
| 245 | 0 | _atransnational Identities, multiculturalism or assimilation? China's 'refugee-returnees' and gernerational transitions | |
| 260 |
_aNew York _bCambridge University Press U.K _c2015 |
||
| 300 |
_a525-545 Pp. _ccm. |
||
| 490 | _v49 | ||
| 650 |
_a forum article _9673896 |
||
| 650 | _aAsian Studies | ||
| 942 |
_cREF _2CC |
||
| 999 |
_c1113417 _d1113417 |
||